Les 5 clés pour prendre la parole en public (notice n° 1702720)
[ vue normale ]
| 000 -LEADER | |
|---|---|
| fixed length control field | 01355cam a2200145 4500500 |
| 005 - DATE AND TIME OF LATEST TRANSACTION | |
| control field | 20260322000040.0 |
| 041 ## - LANGUAGE CODE | |
| Language code of text/sound track or separate title | fre |
| 042 ## - AUTHENTICATION CODE | |
| Authentication code | dc |
| 100 10 - MAIN ENTRY--PERSONAL NAME | |
| Personal name | Lebreton, Philippe |
| Relator term | author |
| 245 00 - TITLE STATEMENT | |
| Title | Les 5 clés pour prendre la parole en public |
| 260 ## - PUBLICATION, DISTRIBUTION, ETC. | |
| Name of publisher, distributor, etc. | Dunod,<br/> |
| Date of publication, distribution, etc. | 2025.<br/> |
| 520 ## - SUMMARY, ETC. | |
| Summary, etc. | AVEC LES 5 CLÉS, CULTIVER VOS TALENTS, C’EST FACILE&#8239;!Prendre la parole en public est un exercice essentiel, quel que soit votre domaine: pour défendre une idée, présenter un budget, faire une présentation… Pourtant, l’expression orale reste souvent synonyme de stress et d’appréhension. Alors comment dépasser sa timidité et réussir son intervention&#8239;?Si vous êtes décidé à dire STOP au trac et aux hésitations, ce petit livre est fait pour vous. À travers des conseils éprouvés et des exemples inspirants, vous apprendrez à structurer vos interventions, à gérer votre stress et à captiver votre auditoire. Grâce à ces 5 clés, vos prises de parole deviendront enfin des moments de confiance et d’efficacité&#8239;!Une approche clés en mainTout l’essentiel en 96 pagesRepères, auto-évaluations et exemples concrets |
| 700 10 - ADDED ENTRY--PERSONAL NAME | |
| Personal name | Lefebvre Dalloz Compétences |
| Relator term | author |
| 856 41 - ELECTRONIC LOCATION AND ACCESS | |
| Uniform Resource Identifier | <a href="https://shs.cairn.info/les-5-cles-pour-prendre-la-parole-en-public--9782100875825?lang=fr&redirect-ssocas=7080">https://shs.cairn.info/les-5-cles-pour-prendre-la-parole-en-public--9782100875825?lang=fr&redirect-ssocas=7080</a> |
Pas d'exemplaire disponible.




Réseaux sociaux